Festival de Cannes 2021 - Statistiques

Statistiques générales
  • Ce quiz a été pris 49 fois
  • Le résultat moyen est 8 sur 24
Statistiques - réponses
Récompense Films % Correct
Palme d'or Titane
97%
Prix de la mise en scène Annette
64%
Prix du scénario Drive My Car
55%
En compétition Benedetta
48%
Prix d'interprétation féminine Julie (en 12 Chapitres)
42%
Prix du jury Memoria
36%
Grand prix Un Héros
36%
En compétition France
33%
Prix d'interprétation masculine Nitram
33%
Grand prix Compartiment n°6
30%
En compétition Les Olympiades
30%
En compétition The French Dispatch
30%
Prix du jury Le Genou d'Ahed
27%
En compétition Les Intranquilles
27%
Prix technique La Fièvre de Petrov
21%
En compétition La Fracture
21%
En compétition The Story of my Wife
21%
En compétition Bergman Island
18%
En compétition Haut et Fort
18%
En compétition Red Rocket
18%
En compétition Tout s'est bien passé
18%
En compétition Tre Piani
18%
En compétition Flag Day
15%
En compétition Lingui les liens sacrés
15%
Aucun quiz correspondant
Distribution des résultats
% des personnes avec chaque résultat
Percentile par nombre de réponses
Votre historique - résultats
Vous n’avez pas pris ce quiz